| 000 | 00514nam a2200193Ia 4500 | ||
|---|---|---|---|
| 005 | 20250326141708.0 | ||
| 008 | 250326s9999 xx 000 0 und d | ||
| 020 | _a0-13-314865-3 | ||
| 037 | _aTextbook | ||
| 040 |
_aFMSL _beng _cFMSL |
||
| 041 |
_aeng _2eng |
||
| 084 |
_aX:8D M8 _qFMSL |
||
| 100 |
_aJarrow R A _9744920 |
||
| 245 | 0 |
_aFice theory _cJarrow R A |
|
| 260 |
_aNew Jersey _bNew Jersey, Prentice Hall _c1988 |
||
| 300 | _axiv,298 | ||
| 942 |
_cTB _hX:8D M8 |
||
| 999 |
_c1291535 _d1291535 |
||